000 00788nam a2200241Ia 4500
003 OSt
005 20220923215001.0
006 a|||||r|||| 00| 0
007 ta
008 220922b |||||||| |||| 00| 0 hin d
024 _a174,524
037 _cTextual
040 _aARTS
_cARTS
_bhin
041 _2hin
_ahin
082 _az2jN18, 152P0
100 _aपाण्डया, सन्तोष, संपा.
245 0 _aसारस्वत - सड्गम
246 _aSārasvat - saḍgama
260 _aदिल्ली
_b ज्ञानभारती पब्लिकेशनस
_c2000
300 _a762पृ.
_ccm.
942 _hz2jN18, 152P0
_cTEXL
_2CC
999 _c328288
_d328288